| 000 | 00486 a2200169 4500 | ||
|---|---|---|---|
| 999 |
_c135 _d135 |
||
| 020 | _a9781444196221 | ||
| 050 | _aBF109 SNO 2013 | ||
| 100 |
_aSnowden, Ruth / _eAuthor |
||
| 245 |
_aJung _cRuth Snowden. |
||
| 264 |
_aLondon _bHodder and Stoughton _c2013 |
||
| 300 | _a122p. | ||
| 440 | _aTeach yourself books | ||
| 500 | _aIncludes index. | ||
| 650 | _aJung, C. G. (Carl Gustav), 1875-1961. | ||
| 650 | _aPsychoanalysts -- Switzerland -- Biography. | ||
| 942 |
_2lcc _cBK _h109 J8 _iSNO _kBF |
||